00366nam a2200109 a 450000100100000000500170001000800410002704000250006824500340009326000930012730000360022000003076720200930062510.0110527s19uu dr ad 000 0 spa d aDO-SdBNPbspacBNPHU00aDescripción y proyecciones. aSanto Domingo :bDistribuidora de sal en grano,c[199?].fEditora Dominicana de Impresos a13 p. :bil., gráf. ;c21 cm.